000 00354nam a2200133Ia 4500
008 240624s9999 xx 000 0 und d
041 _aeng
082 _a657 RAM
100 _aRAMACHANDRAN N
245 _aFINANCIAL ACCOUNTING FOR MANAGEMENT
250 _a(3rd ed.)
260 _c2014
_aNew Delhi
_bTata McGraw-Hill
300 _axix, : 753 : p. : cm. ; 24
999 _c24173
_d24173